000
00219nam a22001097a 4500
041
_a
eng
080
_a
80
100
_a
Viney, P., Viney, K.
245
_a
Only in America , AB.
650
_a
Video Course
999
_c
277882
_d
277882
942
_c
BK